| 000 | 00685nam a22002057i 4500 | ||
|---|---|---|---|
| 001 | 2297506 | ||
| 003 | OSt | ||
| 005 | 20230620105222.0 | ||
| 008 | 800102|1978 ||| 000 0 eng | ||
| 010 | _a 79980521 | ||
| 040 |
_aDLC _cDLC _dDLC |
||
| 050 | 0 | 0 | _aMLCS 83/7732 (H) |
| 082 |
_a320.5 _bNSE |
||
| 100 | 1 |
_aNsekela, Amon J. (Amon James) _e, 1930- |
|
| 245 | 1 | 0 |
_aSocialism and social accountability in a developing nation : _bproblems in the transformation of the Tanzanian economy and society / _cAmon J. Nsekela. |
| 260 | _aNairobi : Kenya Literature Bureau, 1978. | ||
| 300 | _ax, 179 p. ; 19 cm. | ||
| 906 |
_a7 _bcbc _corignew _d4 _encip _f19 _gy-gencatlg |
||
| 942 |
_2ddc _cBK |
||
| 999 |
_c1599 _d1599 |
||